00421pab a2200133 454500008004000000100001900040245012000059260000900179300001400188362000800202650001800210700001600228773004300244180718b2002 xxu||||| |||| 00| 0 eng d aPanda, Abinash aChallenges in developing a strong organisational culture: lessons from a case study of a high-tech company in India c2002 ap.332-55. aJan aOrganizations aGupta, R.K. aIndian Journal of Industrial Relations